Title in the Lyrics -- Songs That Start With G - Statistics

General Stats
  • This quiz has been taken 1,391 times
  • The average score is 8 of 15
Answer Stats
Lyrics Title % Correct
I'd catch a _______ for you (yeah, yeah, yeah) / Throw my hand on a blade for you (yeah, yeah, yeah) Grenade
87%
That's all they really want / Some fun / When the working day is done / Oh, girls, they wanna have fun / Oh, _____ ____ _____ ____ ___ Girls Just Wanna Have Fun
86%
Eh, sexy lady / Op, op, op, op / Oppa _______ _____ Gangnam Style
85%
She's up all night to the sun / I'm up all night to get some / She's up all night for good fun / I'm up all night to ___ _____ Get Lucky
81%
Hey! Hey! You! You! / I dont like your __________ / No way! No way! / I think you need a new one Girlfriend
75%
She take my money when I'm in need / Yeah she's a trifling friend indeed / Oh she's a ____ ______ way over town / That digs on me Gold Digger
64%
You shake my nerves and you rattle my brain / Too much love drives a man insane / You broke my will, oh what a thrill / Goodness gracious _____ _____ __ ____ Great Balls of Fire
54%
Good, good, good, ____ __________ (Oom bop bop) / She's giving me excitations (Excitations, oom bop bop) Good Vibrations
49%
When you see my face / Hope it _____ ___ ____ / Hope it _____ ___ ____ / When you walk my way / Hope it _____ ___ ____ / Hope it _____ ___ ____ Gives You Hell
44%
Tonight I will love love you tonight / ____ __ __________ tonight / For all we know we might not get tomorrow / Let's do it tonight Give Me Everything
41%
Been spending most their lives, living in the _________ ________ / Keep spending most our lives, living in the _________ ________ Gangsta's Paradise
38%
Oh, do a little dance, make a little love / ___ ____ _______, ___ ____ _______ Get Down Tonight
35%
It's just a shot away / It's just a shot away / The floods is threat'ning / My very life today / Gimme, _____ _______ / Or I'm gonna fade away Gimme Shelter
18%
____ __ ____, ____ __ ____, ____ __ ____ now / I can't tell if I'm a kingpin or a pauper Give it Away
7%
____ ___ ________, ____ ___ ________, ____ ___ ________ / We take a walk, the sun is shining down / Burns my feet as they touch the ground Good Day Sunshine
5%
No matching quizzes found
Score Distribution
Percent of People with Each Score
Percentile by Number Answered
Your Score History
You have not taken this quiz